La batata (Camote) : Estudio de la planta y su producción comercial

Bibliographic Details
Main Author: Folquer, Fausto
Format: Section = Libro
Language:Undetermined
Spanish
Published: Cuba Hemisferio Sur 1978
Subjects:
LEADER 00455nam a2200169Ia 4500
008 240830s9999 xx 000 0 und d
040 |a B-ESTELÍ- RUACS / 583.79 F669 
041 |a spa 
082 |a 583.79 F669 
100 1 |a Folquer, Fausto 
245 1 0 |a La batata (Camote) : Estudio de la planta y su producción comercial 
260 |a Cuba  |b Hemisferio Sur  |c 1978 
300 |a 144 p. 
650 7 |a LA BATATA I 
942 |c BK  |2 ddc 
991 |a TEXTO 
999 |c 11115